Pays en Countryball par image #2 - Statistiques

Statistiques générales
  • Ce quiz a été pris 33 fois
    31 depuis la dernière actualisation
  • Le résultat moyen est 12 sur 16
Statistiques - réponses
Par images Réponse % Correct
Bosnie-Herzégovine
96%
Chili
96%
Costa rica
96%
Allemagne de l'ouest
93%
Irak
89%
Syrie
89%
Mauritanie
86%
Somalie
86%
Birmanie (Myanmar)
82%
Kirghizistan
82%
Oman
82%
Maurice
75%
Guatemala
71%
Îles Salomon
54%
Empire Nanda
18%
Numidie
14%
Aucun quiz correspondant
Distribution des résultats
% des personnes avec chaque résultat
Percentile par nombre de réponses
Votre historique - résultats
Vous n’avez pas pris ce quiz depuis la dernière actualisation